00505nam a2200205Ia 450000500170000000800460001702000180006303700100008104000080009104000080009904000080010704100080011504100080012308400080013110000190013924500560015826000230021426000090023785600530024620260121154735.0008 260114s9999 xx 000 0 eng d a9780429056192 aEBOOK aCRL beng cCRL 2eng aeng qCRL a Nerida Spina  0aData Culture and the Organisation of Teachers? Work bTaylor and Francis c2021 uhttp://www.taylorfrancis.com/books/9780429056192